[Event "Navarra-chT"]
[Site "Navarra"]
[Date "2016.11.05"]
[Round "5.4"]
[White "Rodriguez Montes, Sostenes"]
[Black "Leranoz Zabalza, Adrian"]
[Result "0-1"]
[WhiteElo "1805"]
[BlackElo "2066"]
[PlyCount "54"]
[EventDate "2016.10.08"]
[EventType "team-tourn"]
[EventRounds "7"]
[EventCountry "ESP"]
[SourceTitle "CBM 175 Extra"]
[Source "ChessBase"]
[SourceDate "2016.12.12"]
[SourceVersion "1"]
[SourceVersionDate "2016.12.12"]
[SourceQuality "1"]
[WhiteTeam "Runa"]
[BlackTeam "Paz de Ziganda"]
[WhiteTeamCountry "ESP"]
[BlackTeamCountry "ESP"]

1. e4 c5 2. Nc3 Nc6 3. g3 g6 4. Bg2 Bg7 5. d3 d6 6. Nge2 e5 7. 0-0 Nge7 8. Bg5 h6 9. Be3 Nd4 10. Qd2 Bh3 11. f4 Qd7 12. Rab1 Bxg2 13. Kxg2 Nxe2 14. Qxe2 0-0 15. f5 gxf5 16. Qh5 fxe4 17. dxe4 Qe6 18. Nb5 Rad8 19. Rbd1 f5 20. Nc7 Qc4 21. Bxh6 Qxe4+ 22. Kg1 Qc4 23. Qg5 Rf7 24. Rxf5 Nxf5 25. Bxg7 Rdd7 26. Bxe5+ Ng7 27. b3 Qe2 0-1

[Event "Navarra-chT"]
[Site "Navarra"]
[Date "2016.10.08"]
[Round "1.3"]
[White "Leranoz Zabalza, Adrian"]
[Black "Martinez Martin, Inigo"]
[Result "1-0"]
[WhiteElo "2066"]
[BlackElo "2185"]
[PlyCount "71"]
[EventDate "2016.10.08"]
[EventType "team-tourn"]
[EventRounds "7"]
[EventCountry "ESP"]
[SourceTitle "CBM 175 Extra"]
[Source "ChessBase"]
[SourceDate "2016.12.12"]
[SourceVersion "1"]
[SourceVersionDate "2016.12.12"]
[SourceQuality "1"]
[WhiteTeam "Paz de Ziganda"]
[BlackTeam "San Juan"]
[WhiteTeamCountry "ESP"]
[BlackTeamCountry "ESP"]

1. e4 c6 2. d4 d5 3. f3 g6 4. Nc3 Bg7 5. Be3 Be6 6. Qd2 Nd7 7. 0-0-0 dxe4 8. fxe4 Qa5 9. d5 cxd5 10. exd5 Bg4 11. Re1 Bxc3 12. Qxc3 Qxc3 13. bxc3 e5 14. Bd4 0-0-0 15. Bxa7 Ngf6 16. h3 Bf5 17. c4 b6 18. Nf3 Kb7 19. Bxb6 Kxb6 20. Ng5 Ra8 21. g4 Bxc2 22. Kxc2 Rxa2+ 23. Kc3 Rha8 24. Rb1+ Kc7 25. Rb2 R2a3+ 26. Rb3 Ra2 27. Rb2 R2a3+ 28. Kc2 h6 29. Nxf7 Ne4 30. Bg2 Ndc5 31. d6+ Kc8 32. Rd1 R8a4 33. Bxe4 Rxc4+ 34. Kb1 Rxe4 35. d7+ Nxd7 36. Rc1+ 1-0

[Event "Navarra-ch"]
[Site "Pamplona"]
[Date "2016.03.12"]
[Round "2"]
[White "Lizuain Toni, Javier"]
[Black "Leranoz Zabalza, Adrian"]
[Result "0-1"]
[WhiteElo "1840"]
[BlackElo "2066"]
[PlyCount "102"]
[EventDate "2016.03.05"]
[EventType "swiss"]
[EventRounds "8"]
[EventCountry "ESP"]
[SourceTitle "EXT 2018"]
[Source "ChessBase"]
[SourceDate "2017.10.13"]
[SourceVersion "1"]
[SourceVersionDate "2017.10.13"]
[SourceQuality "1"]

1. e4 e6 2. d4 c5 3. Nf3 cxd4 4. Nxd4 Nf6 5. Nc3 Qc7 6. a3 a6 7. Be2 Be7 8. 0-0 0-0 9. Kh1 b5 10. f4 Bb7 11. e5 Ne4 12. Nxe4 Bxe4 13. Bf3 Bxf3 14. Qxf3 Nc6 15. c3 Rac8 16. Be3 Na5 17. Rad1 g6 18. f5 Qxe5 19. Bh6 Bd6 20. g3 gxf5 21. Bf4 Qe4 22. Bxd6 Rfe8 23. Qxe4 fxe4 24. Rf4 f5 25. Nc2 Nc4 26. g4 Rc6 27. Bb4 a5 28. Nd4 axb4 29. Nxc6 dxc6 30. gxf5 exf5 31. Rxf5 bxc3 32. bxc3 e3 33. Kg1 Nxa3 34. Rg5+ Kf7 35. Rg2 Nc4 36. Kf1 e2+ 37. Rxe2 Ne3+ 38. Rxe3 Rxe3 39. Rd7+ Ke6 40. Rxh7 Rxc3 41. Ke2 Kd5 42. Kd2 b4 43. Rg7 Kc4 44. Rg4+ Kb5 45. h4 c5 46. h5 Rh3 47. Kc2 Rxh5 48. Rg8 Rh2+ 49. Kb1 c4 50. Rb8+ Ka4 51. Ra8+ Kb3 0-1

[Event "Navarra-chTA"]
[Site "Pamplona"]
[Date "2015.11.07"]
[Round "5.3"]
[White "Martinez Martin, Inigo"]
[Black "Leranoz Zabalza, Adrian"]
[Result "1-0"]
[WhiteElo "2174"]
[BlackElo "2064"]
[PlyCount "35"]
[EventDate "2015.10.10"]
[EventType "team-tourn"]
[EventRounds "7"]
[EventCountry "ESP"]
[SourceTitle "CBM 169 Extra"]
[Source "ChessBase"]
[SourceDate "2015.12.18"]
[SourceVersion "1"]
[SourceVersionDate "2015.12.18"]
[SourceQuality "1"]
[WhiteTeam "San Juan"]
[BlackTeam "Paz de Ziganda"]
[WhiteTeamCountry "ESP"]
[BlackTeamCountry "ESP"]

1. c3 e5 2. d4 e4 3. c4 Nf6 4. Bg5 h6 5. Bxf6 Qxf6 6. Nc3 Qe6 7. Qb3 c5 8. Nd5 Na6 9. e3 Bd6 10. 0-0-0 b6 11. g3 Bb7 12. Bh3 f5 13. Ne2 Bxd5 14. cxd5 Qf7 15. Nc3 0-0 16. Nb5 Qe7 17. Bf1 Nb8 18. Nc7 1-0

[Event "Navarra-chTA"]
[Site "Pamplona"]
[Date "2015.10.17"]
[Round "2.2"]
[White "Sola Plaza, Gregorio"]
[Black "Leranoz Zabalza, Adrian"]
[Result "1/2-1/2"]
[WhiteElo "1937"]
[BlackElo "2064"]
[PlyCount "34"]
[EventDate "2015.10.10"]
[EventType "team-tourn"]
[EventRounds "7"]
[EventCountry "ESP"]
[SourceTitle "CBM 169 Extra"]
[Source "ChessBase"]
[SourceDate "2015.12.18"]
[SourceVersion "1"]
[SourceVersionDate "2015.12.18"]
[SourceQuality "1"]
[WhiteTeam "Runa"]
[BlackTeam "Paz de Ziganda"]
[WhiteTeamCountry "ESP"]
[BlackTeamCountry "ESP"]

1. d4 Nf6 2. c4 e6 3. Nc3 Bb4 4. e3 0-0 5. Nge2 b6 6. a3 Be7 7. Ng3 Bb7 8. d5 a5 9. Be2 Na6 10. 0-0 Nc5 11. e4 e5 12. Be3 Ne8 13. Na4 d6 14. Nc3 Bg5 15. Bxg5 Qxg5 16. b4 Nd7 17. Qc2 g6 1/2-1/2

[Event "Navarra-ch"]
[Site "Pamplona"]
[Date "2014.05.17"]
[Round "6"]
[White "Roldan Marques, Daniel"]
[Black "Leranoz Zabalza, Adrian"]
[Result "0-1"]
[WhiteElo "1789"]
[BlackElo "2100"]
[PlyCount "72"]
[EventDate "2014.03.29"]
[EventType "swiss"]
[EventRounds "8"]
[EventCountry "ESP"]
[SourceTitle "EXT 2016"]
[Source "ChessBase"]
[SourceDate "2015.10.08"]
[SourceVersion "1"]
[SourceVersionDate "2015.10.08"]
[SourceQuality "1"]

1. e4 c5 2. Nc3 Nc6 3. d3 e6 4. g3 d5 5. Bg2 Nf6 6. f4 dxe4 7. Nxe4 Be7 8. Be3 Nd5 9. Bf2 0-0 10. Qd2 Qb6 11. Rb1 Rd8 12. Ne2 f5 13. N4c3 Nf6 14. h3 Qa5 15. b3 Qc7 16. 0-0 a6 17. a4 b6 18. Kh2 Bb7 19. Ng1 e5 20. fxe5 Nxe5 21. Be1 Bxg2 22. Qxg2 Ng6 23. Kh1 f4 24. Nge2 fxg3 25. Bxg3 Qd7 26. Nf4 Nxf4 27. Bxf4 Qd4 28. Ne2 Qd5 29. Bc7 Rd7 30. Bxb6 Qxg2+ 31. Kxg2 Nd5 32. Ba5 Ne3+ 33. Kf2 Nxf1 34. Kxf1 Rf8+ 35. Ke1 Bh4+ 36. Kd2 Rf2 0-1

[Event "Navarra-chT Preferente"]
[Site "Navarra"]
[Date "2012.11.24"]
[Round "7.2"]
[White "Leranoz Zabalza, Adrian"]
[Black "Urretabizkaia Merino, Asier"]
[Result "0-1"]
[WhiteElo "2068"]
[BlackElo "2076"]
[PlyCount "60"]
[EventDate "2012.10.13"]
[EventType "team"]
[EventRounds "7"]
[EventCountry "ESP"]
[SourceTitle "EXT 2014"]
[Source "ChessBase"]
[SourceDate "2013.11.20"]
[SourceVersion "1"]
[SourceVersionDate "2013.11.20"]
[SourceQuality "1"]
[WhiteTeam "Paz de Ziganda"]
[BlackTeam "Nuevo Casino"]
[WhiteTeamCountry "ESP"]
[BlackTeamCountry "ESP"]

1. Nc3 c5 2. Nf3 Nf6 3. d3 Nc6 4. Bg5 e6 5. e4 d6 6. Qd2 Be7 7. h3 a6 8. Be2 Nd4 9. Nd1 Nxf3+ 10. gxf3 Bd7 11. Be3 d5 12. Rg1 Qc7 13. Bf4 e5 14. Bh2 0-0-0 15. Nc3 Bc6 16. exd5 Nxd5 17. Rxg7 Bf6 18. Rg4 Qb6 19. Nxd5 Bxd5 20. c3 h5 21. Ra4 Rhg8 22. 0-0-0 Qc6 23. Qc2 Bxf3 24. Rc4 Bd5 25. Ra4 b5 26. Ra3 Rg2 27. c4 bxc4 28. dxc4 Be4 29. Rxa6 Rxd1+ 30. Bxd1 Bg5+ 0-1

[Event "Navarra-chT Preferente"]
[Site "Navarra"]
[Date "2012.11.17"]
[Round "6.2"]
[White "Antoli Royo, Joaquin Miguel"]
[Black "Leranoz Zabalza, Adrian"]
[Result "1/2-1/2"]
[WhiteElo "2411"]
[BlackElo "2068"]
[PlyCount "64"]
[EventDate "2012.10.13"]
[EventType "team"]
[EventRounds "7"]
[EventCountry "ESP"]
[SourceTitle "EXT 2014"]
[Source "ChessBase"]
[SourceDate "2013.11.20"]
[SourceVersion "1"]
[SourceVersionDate "2013.11.20"]
[SourceQuality "1"]
[WhiteTeam "San Juan"]
[BlackTeam "Paz de Ziganda"]
[WhiteTeamCountry "ESP"]
[BlackTeamCountry "ESP"]

1. e4 Nc6 2. Nc3 e6 3. d4 d5 4. e5 Nge7 5. Nf3 Nf5 6. Bb5 a6 7. Be2 Be7 8. g4 Nh4 9. Nxh4 Bxh4 10. Be3 Na5 11. Qd2 Nc4 12. Bxc4 dxc4 13. g5 b5 14. Rg1 h6 15. gxh6 g6 16. Ne4 Bb7 17. Bg5 Bxg5 18. Nxg5 Qe7 19. h7 0-0-0 20. 0-0-0 b4 21. Rg3 Rd5 22. Qf4 Ra5 23. Kb1 c3 24. b3 Bd5 25. Rh3 Qd7 26. Qxf7 Qc6 27. Qg8+ Kb7 28. Qxh8 Rxa2 29. Qf8 Rb2+ 30. Ka1 Ra2+ 31. Kb1 Rb2+ 32. Ka1 Ra2+ 1/2-1/2

[Event "Navarra-chT Preferente"]
[Site "Navarra"]
[Date "2012.10.13"]
[Round "1.2"]
[White "Vila Dupla, Aurelio"]
[Black "Leranoz Zabalza, Adrian"]
[Result "0-1"]
[WhiteElo "2174"]
[BlackElo "2068"]
[PlyCount "60"]
[EventDate "2012.10.13"]
[EventType "team"]
[EventRounds "7"]
[EventCountry "ESP"]
[SourceTitle "EXT 2014"]
[Source "ChessBase"]
[SourceDate "2013.11.20"]
[SourceVersion "1"]
[SourceVersionDate "2013.11.20"]
[SourceQuality "1"]
[WhiteTeam "Oberena"]
[BlackTeam "Paz de Ziganda"]
[WhiteTeamCountry "ESP"]
[BlackTeamCountry "ESP"]

1. Nf3 Nc6 2. d4 e6 3. g3 Nf6 4. Bg2 Be7 5. 0-0 0-0 6. c4 d5 7. b3 Ne4 8. Bb2 b6 9. Nbd2 f5 10. a3 Bb7 11. b4 Bf6 12. Qc2 Nxd2 13. Qxd2 dxc4 14. Qe3 Qc8 15. b5 Na5 16. Ne5 Bxg2 17. Kxg2 a6 18. a4 axb5 19. axb5 Rd8 20. Nc6 Rd6 21. Ba3 Rxc6 22. bxc6 Nb3 23. Rad1 Rxa3 24. d5 e5 25. d6 cxd6 26. Rxd6 Ra6 27. Rfd1 Nd4 28. f4 Nxc6 29. fxe5 Nxe5 30. Kh3 f4+ 0-1

[Event "Pamplona op 19th"]
[Site "Pamplona"]
[Date "2009.12.04"]
[Round "4"]
[White "Olazagoitia Rodriguez, Jose Luis"]
[Black "Leranoz Zabalza, Adrian"]
[Result "1/2-1/2"]
[WhiteElo "2189"]
[BlackElo "2107"]
[PlyCount "79"]
[EventDate "2009.12.01"]
[EventType "swiss"]
[EventRounds "7"]
[EventCountry "ESP"]
[SourceTitle "CBM 133 Extra"]
[Source "ChessBase"]
[SourceDate "2010.01.05"]
[SourceVersion "1"]
[SourceVersionDate "2010.01.05"]
[SourceQuality "1"]

1. d4 Nf6 2. c4 Nc6 3. Nc3 e5 4. d5 Ne7 5. h4 Neg8 6. Nf3 d6 7. e4 Nh6 8. Nh2 Be7 9. Be2 Nd7 10. g3 a5 11. Be3 Nc5 12. Qd2 Ng8 13. 0-0-0 b6 14. f3 h5 15. Qc2 Nf6 16. a3 Nfd7 17. b4 Na6 18. Qb3 g6 19. Bd3 Kf8 20. Rdg1 Kg7 21. Nf1 axb4 22. axb4 Nf6 23. Rh2 Nb8 24. Ra2 Rxa2 25. Qxa2 c5 26. bxc5 bxc5 27. Qa7 Na6 28. Nb5 Nb4 29. Bc2 Nd7 30. Bd2 Nb6 31. Ne3 Bd7 32. Bxb4 cxb4 33. Nc7 Qb8 34. Qxb8 Rxb8 35. Na6 Rc8 36. Nxb4 Nxc4 37. Nxc4 Rxc4 38. Nd3 Ba4 39. Rg2 Bb5 40. Kb2 1/2-1/2

[Event "Pamplona op"]
[Site "Pamplona"]
[Date "2008.12.23"]
[Round "2"]
[White "Recuero Guerra, David"]
[Black "Leranoz Zabalza, Adrian"]
[Result "1-0"]
[WhiteElo "2425"]
[BlackElo "2014"]
[PlyCount "35"]
[EventDate "2008.12.22"]
[EventType "swiss"]
[EventRounds "9"]
[EventCountry "ESP"]
[SourceTitle "CBM 127 Extra"]
[Source "ChessBase"]
[SourceDate "2009.01.08"]
[SourceVersion "2"]
[SourceVersionDate "2009.01.28"]
[SourceQuality "1"]

1. d4 Nf6 2. Nf3 e6 3. c4 Nc6 4. g3 Bb4+ 5. Bd2 Bxd2+ 6. Qxd2 d6 7. Nc3 0-0 8. Bg2 Qe7 9. 0-0 e5 10. Nd5 Qd8 11. dxe5 dxe5 12. Rfd1 Re8 13. Qc3 Bd7 14. Nxf6+ gxf6 15. Nh4 Qc8 16. Qd2 Bg4 17. Qh6 Bxe2 18. Be4 1-0